| 000 | 00835nam a22002297a 4500 | ||
|---|---|---|---|
| 999 |
_c4784 _d4784 |
||
| 003 | AR-CdUCM | ||
| 008 | 190311b ||||| |||| 00| 0 spa d | ||
| 020 | _a968-16-1733-9 | ||
| 040 |
_aMUNICIPALIDAD PROVINCIAL DEL CUSCO _cBIBLIOTECA MUNICIPAL DEL CUSCO |
||
| 082 |
_a869.1 / _bC33 |
||
| 100 |
_aCastellanos, Rosario _94323 |
||
| 245 |
_aBella dama sin piedad : _by otros poemas / |
||
| 260 |
_aMéxico : _bFondo Cultura Económica, _c1984. |
||
| 300 |
_a152 páginas ; _c21 cm. |
||
| 440 |
_aLecturas Mexicanas. _n49 _914783 |
||
| 505 | _aContenido: Apuntes para una declaración de fe -- Trayectoria del polvo -- De la vigilia estéril -- Lívida luz -- Materia memorable -- En la tierra de en medio ... | ||
| 650 |
_aPoesía _9139 |
||
| 650 |
_aLiteratura _983 |
||
| 650 |
_aMéxico _918 |
||
| 942 |
_2ddc _cLIBROS |
||
| 945 | _aachl | ||